UEFA Champions League 2013-14 - Statistics

General Stats
  • This quiz has been taken 120 times
  • The average score is 23 of 32
Answer Stats
Hint Answer % Correct
D Bayern
97%
B Real Madrid
97%
G Atlético de Madrid
94%
H Barcelona
93%
E Chelsea
92%
B Juventus
91%
A Manchester United
91%
H Milan
90%
F Borussia Dortmund
89%
D Manchester City
89%
G Porto
86%
C PSG
86%
F Arsenal
82%
C Benfica
82%
H Ajax
78%
F Napoli
77%
F Olympique de Marseille
70%
A Bayer Leverkusen
69%
E Schalke 04
69%
A Shakhtar Donetsk
68%
G Zenit
66%
A Real Sociedad
65%
B Galatasaray
58%
H Celtic
56%
E Basel
54%
C Anderlecht
52%
D CSKA Moscow
52%
B Copenhagen
51%
C Olympiakos
46%
D Viktoria Plzen
36%
G Austria Wien
33%
E Steaua Bucharest
23%
No matching quizzes found
Score Distribution
Percent of People with Each Score
Percentile by Number Answered
Your Score History
You have not taken this quiz